The three strangers and other stories

Αποθηκεύτηκε σε:
Λεπτομέρειες βιβλιογραφικής εγγραφής
Κύριος συγγραφέας: Hardy, Thomas
Άλλοι συγγραφείς: Tarner, Margaret, Colbert, Anthony (Εικονογράφος)
Μορφή: Βιβλίο
Γλώσσα:English
Δημοσίευση: Oxford : Heinemann, 1992
Σειρά:Heinemann guided readers. Intermediate level
Θέματα:
Ετικέτες: Προσθήκη ετικέτας
Δεν υπάρχουν, Καταχωρήστε ετικέτα πρώτοι!

MARC

LEADER 00000nam a2200000 i 4500
001 1/22823
008 950309s1992 eng d
020 |a 0-435-27148-2 
035 |l 10021969 
040 |a GR-MY-UA  |b gre  |e aacr 
041 0 |a eng 
082 0 |a 428.64 
100 1 |a Hardy, Thomas. 
245 1 4 |a The three strangers and other stories /  |c Thomas Hardy 
260 |a Oxford :   |b Heinemann,   |c 1992 
490 1 |a Heinemann guided readers. Intermediate level 
650 0 0 |a English language  |x Readers. 
650 0 0 |a English language  |v Textbooks for foreign speakers. 
700 1 |a Tarner, Margaret. 
700 1 |a Colbert, Anthony.  |4 ill 
830 0 |a Heinemann guided readers. Intermediate level 
852 |a INST  |b CHIOS  |e 19950309  |h 428.64 HAR  |p 005200003870  |q 005200003870  |t BK  |y 0 
909 |a Χ  |b 037393